[Event "Yerevan op 1st"]
[Site "Yerevan"]
[Date "2016.10.08"]
[Round "7"]
[White "Harutyunian, Tigran K"]
[Black "Petrosyan, Tigran S"]
[Result "1-0"]
[WhiteElo "2480"]
[BlackElo "2443"]
[PlyCount "111"]
[EventDate "2016.10.02"]
[EventType "swiss"]
[EventRounds "9"]
[EventCountry "ARM"]
[SourceTitle "EXT 2017"]
[Source "ChessBase"]
[SourceDate "2016.10.25"]
[SourceVersion "1"]
[SourceVersionDate "2016.10.25"]
[SourceQuality "1"]

1. Nf3 Nf6 2. c4 c6 3. g3 d5 4. Bg2 g6 5. Qa4 Nbd7 6. cxd5 cxd5 7. O-O Bg7 8.
Nc3 O-O 9. d3 Re8 10. Qh4 e5 11. Bg5 Qb6 12. Nd2 d4 13. Nc4 Qa6 14. Nd5 Nxd5
15. Bxd5 Nf6 16. Bg2 Rb8 17. b4 h5 18. b5 Qe6 19. f4 e4 20. f5 gxf5 21. Bf4 Ra8
22. Nd6 Bd7 23. Bh3 Ng4 24. Qxh5 Re7 25. Bxg4 fxg4 26. dxe4 Qg6 27. Qxg6 fxg6
28. Rac1 Be6 29. a4 Rd7 30. e5 g5 31. Bxg5 Bxe5 32. Ne4 d3 33. exd3 Rxd3 34.
Bf6 Bd4+ 35. Bxd4 Rxd4 36. Nf6+ Kg7 37. Nh5+ Kh6 38. Rce1 Kxh5 39. Re5+ Kg6 40.
Rxe6+ Kg5 41. Ref6 Rd5 42. Rf7 b6 43. Rg7+ Kh5 44. Rf4 Rd1+ 45. Kf2 Rd2+ 46.
Ke1 Ra2 47. Rfxg4 Rxh2 48. R4g5+ Kh6 49. R5g6+ Kh5 50. g4+ Kh4 51. Rh6+ Kg3 52.
Rxh2 Kxh2 53. Kf2 Rf8+ 54. Ke3 Kg3 55. Rxa7 Kxg4 56. Ke4 1-0

[Event "Yerevan op 1st"]
[Site "Yerevan"]
[Date "2016.10.09"]
[Round "8"]
[White "Petrosyan, Tigran S"]
[Black "Gasparian, Tigran"]
[Result "1/2-1/2"]
[WhiteElo "2443"]
[BlackElo "2219"]
[PlyCount "79"]
[EventDate "2016.10.02"]
[EventType "swiss"]
[EventRounds "9"]
[EventCountry "ARM"]
[SourceTitle "EXT 2017"]
[Source "ChessBase"]
[SourceDate "2016.10.25"]
[SourceVersion "1"]
[SourceVersionDate "2016.10.25"]
[SourceQuality "1"]

1. Nf3 Nf6 2. c4 e6 3. Nc3 d5 4. d4 Be7 5. Bf4 O-O 6. e3 dxc4 7. Bxc4 a6 8. a4
c5 9. O-O cxd4 10. exd4 Nc6 11. Re1 b6 12. d5 exd5 13. Nxd5 Nxd5 14. Bxd5 Bb7
15. Ne5 Nxe5 16. Bxb7 Ra7 17. Be4 Ng6 18. Be3 Bd6 19. g3 Re7 20. Qd3 a5 21. Bg5
f6 22. Be3 Bb4 23. Qc4+ Kh8 24. Red1 Qb8 25. Bxg6 hxg6 26. Rd5 Rc8 27. Qd3 g5
28. Rd1 Bc5 29. Bxc5 bxc5 30. Qf5 Rce8 31. Rxc5 Qxb2 32. Rxa5 Qc3 33. Kg2 Re2
34. Rad5 Qc6 35. Qd7 Qc2 36. R1d2 Qe4+ 37. Kh3 Qh7+ 38. Kg2 Qe4+ 39. Kh3 Qh7+
40. Kg2 1/2-1/2

[Event "Yerevan op 1st"]
[Site "Yerevan"]
[Date "2016.10.10"]
[Round "9"]
[White "Poghosyan, Suren"]
[Black "Petrosyan, Tigran S"]
[Result "0-1"]
[WhiteElo "2260"]
[BlackElo "2443"]
[PlyCount "128"]
[EventDate "2016.10.02"]
[EventType "swiss"]
[EventRounds "9"]
[EventCountry "ARM"]
[SourceTitle "EXT 2017"]
[Source "ChessBase"]
[SourceDate "2016.10.25"]
[SourceVersion "1"]
[SourceVersionDate "2016.10.25"]
[SourceQuality "1"]
[WhiteClock "0:16:37"]
[BlackClock "0:19:08"]

1. d4 {[%clk 1:27:43]} d5 {[%clk 1:30:54]} 2. c4 {[%clk 1:26:39]} c6 {[%clk 1:
30:53]} 3. Nf3 {[%clk 1:26:38]} Nf6 {[%clk 1:30:59]} 4. cxd5 {[%clk 1:26:53]}
cxd5 {[%clk 1:31:18]} 5. Nc3 {[%clk 1:27:19]} Nc6 {[%clk 1:31:41]} 6. Bf4 {
[%clk 1:27:44]} Bf5 {[%clk 1:31:44]} 7. e3 {[%clk 1:28:07]} e6 {[%clk 1:31:48]}
8. Ne5 {[%clk 1:28:07]} Nxe5 {[%clk 1:27:45]} 9. dxe5 {[%clk 1:27:55]} Nd7 {
[%clk 1:27:58]} 10. Qb3 {[%clk 1:25:39]} Be7 {[%clk 1:18:33]} 11. e4 {[%clk 0:
45:30]} dxe4 {[%clk 1:17:16]} 12. Rd1 {[%clk 0:42:41]} Qc7 {[%clk 0:59:49]} 13.
Nb5 {[%clk 0:24:46]} Qa5+ {[%clk 0:50:29]} 14. Bd2 {[%clk 0:24:53]} Qb6 {
[%clk 0:50:50]} 15. Be3 {[%clk 0:22:18]} Qa5+ {[%clk 0:46:10]} 16. Bd2 {
[%clk 0:21:14]} Qd8 {[%clk 0:35:47]} 17. Nd6+ {[%clk 0:20:04]} Bxd6 {[%clk 0:
35:11]} 18. exd6 {[%clk 0:20:28]} b6 {[%clk 0:30:52]} 19. Qg3 {[%clk 0:20:22]}
O-O {[%clk 0:30:46]} 20. Bc3 {[%clk 0:20:10]} f6 {[%clk 0:30:34]} 21. Qf4 {
[%clk 0:17:05]} Nc5 {[%clk 0:27:46]} 22. Bc4 {[%clk 0:17:01]} Kh8 {[%clk 0:28:
03]} 23. g4 {[%clk 0:14:46]} Bg6 {[%clk 0:27:53]} 24. h4 {[%clk 0:15:09]} e5 {
[%clk 0:26:35]} 25. Qe3 {[%clk 0:11:32]} Bf7 {[%clk 0:25:03]} 26. Be2 {[%clk 0:
10:14]} Bxa2 {[%clk 0:18:15]} 27. Bb4 {[%clk 0:07:39]} Be6 {[%clk 0:13:16]} 28.
Bxc5 {[%clk 0:07:52]} bxc5 {[%clk 0:13:45]} 29. Qxe4 {[%clk 0:08:06]} Rb8 {
[%clk 0:13:51]} 30. Qe3 {[%clk 0:03:58]} Qd7 {[%clk 0:08:26]} 31. g5 {[%clk 0:
03:36]} c4 {[%clk 0:07:02]} 32. gxf6 {[%clk 0:03:20]} gxf6 {[%clk 0:06:02]} 33.
Rd2 {[%clk 0:02:30]} Rg8 {[%clk 0:05:40]} 34. f4 {[%clk 0:02:54]} Rb5 {[%clk 0:
03:59]} 35. Rf1 {[%clk 0:02:41]} exf4 {[%clk 0:03:06]} 36. Qxf4 {[%clk 0:03:08]
} Rf8 {[%clk 0:03:30]} 37. Qh6 {[%clk 0:03:19]} Qg7 {[%clk 0:03:09]} 38. Qxg7+
{[%clk 0:02:53]} Kxg7 {[%clk 0:03:38]} 39. Rf4 {[%clk 0:03:15]} Rc5 {[%clk 0:
02:17]} 40. Rdd4 {[%clk 0:32:37]} Rfc8 {[%clk 0:31:46]} 41. Kd2 {[%clk 0:27:45]
} Rd8 {[%clk 0:29:55]} 42. Kc3 {[%clk 0:25:09]} Rc6 {[%clk 0:26:50]} 43. Bxc4 {
[%clk 0:17:51]} Bxc4 {[%clk 0:24:30]} 44. Rxc4 {[%clk 0:18:01]} Rdxd6 {[%clk 0:
24:17]} 45. b4 {[%clk 0:16:37]} Rxc4+ {[%clk 0:19:08]} 46. Kxc4 Kg6 47. Kc5 Rd7
48. b5 f5 49. Kc6 Rf7 50. Kd6 Kf6 51. Ra4 Re7 52. Ra1 Rf7 53. Ra4 h6 54. Rf4
Rb7 55. Kc6 Rb6+ 56. Kc5 Ke5 57. Ra4 Rb7 58. Kc6 Rf7 59. Ra5 Kf4 60. Kd6 Kg4
61. Ra4+ f4 62. Ke6 Rb7 63. Rb4 Kg3 64. Kf5 f3 0-1

[Event "Badalona op 43rd"]
[Site "Badalona"]
[Date "2017.08.10"]
[Round "9"]
[White "Perpinya Rofes, Lluis Maria"]
[Black "Petrosyan, Tigran S"]
[Result "0-1"]
[WhiteElo "2366"]
[BlackElo "2430"]
[PlyCount "88"]
[EventDate "2017.08.02"]
[EventType "swiss"]
[EventRounds "9"]
[EventCountry "ESP"]
[SourceTitle "CBM 179 Extra"]
[Source "ChessBase"]
[SourceDate "2017.08.23"]
[SourceVersion "1"]
[SourceVersionDate "2017.08.23"]
[SourceQuality "1"]

1. e4 e5 2. Nf3 Nc6 3. Bb5 a6 4. Ba4 Nf6 5. O-O Be7 6. Re1 b5 7. Bb3 d6 8. c3
O-O 9. h3 Na5 10. Bc2 c5 11. d4 Nd7 12. dxc5 dxc5 13. Nbd2 Bb7 14. Nf1 Re8 15.
Ne3 Nf6 16. Qe2 Nxe4 17. Rd1 Qc7 18. Nd5 Bxd5 19. Rxd5 Nf6 20. Rxe5 Nc4 21. Rg5
g6 22. b3 Bd6 23. Qf1 Ne5 24. Nh4 Ned7 25. Nf5 Bh2+ 26. Kh1 Bf4 27. Bxf4 Qxf4
28. Rg3 Qd2 29. Rc1 Qe2 30. Ne3 Qxf1+ 31. Nxf1 Re2 32. Kg1 Nd5 33. Rd3 N7b6 34.
Ng3 Re5 35. Bb1 Rae8 36. Kf1 c4 37. Rdd1 f5 38. bxc4 bxc4 39. Rd4 Nxc3 40. Rd6
Nxb1 41. Rxb6 Nd2+ 42. Kg1 Re1+ 43. Rxe1 Rxe1+ 44. Kh2 f4 0-1

[Event "Barcelona Sants op 19th"]
[Site "Barcelona"]
[Date "2017.08.22"]
[Round "5"]
[White "Petrosyan, Tigran S"]
[Black "Vocaturo, Daniele"]
[Result "1/2-1/2"]
[WhiteElo "2430"]
[BlackElo "2596"]
[PlyCount "200"]
[EventDate "2017.08.18"]
[EventType "swiss"]
[EventRounds "10"]
[EventCountry "ESP"]
[SourceTitle "CBM 180 Extra"]
[Source "ChessBase"]
[SourceDate "2017.10.06"]
[SourceVersion "1"]
[SourceVersionDate "2017.10.06"]
[SourceQuality "1"]

1. Nf3 Nf6 2. c4 g6 3. Nc3 Bg7 4. e4 d6 5. d4 O-O 6. Be2 e5 7. Be3 exd4 8. Nxd4
Re8 9. f3 c6 10. Bf2 d5 11. exd5 cxd5 12. c5 Nbd7 13. Nb3 Nh5 14. O-O Nf4 15.
Bb5 a6 16. Bxd7 Bxd7 17. Nxd5 Nxd5 18. Qxd5 Bxb2 19. Rab1 Bb5 20. Rfd1 Qxd5 21.
Rxd5 Bc3 22. Bd4 Bb4 23. Bf2 Rac8 24. h3 Ba4 25. Rc1 a5 26. Rb1 Rcd8 27. Rbd1
Rxd5 28. Rxd5 Bc6 29. Rd1 a4 30. Nd4 Rd8 31. Rb1 Bxc5 32. Nxc6 Bxf2+ 33. Kxf2
bxc6 34. Ke3 c5 35. Rc1 Rb8 36. Rxc5 Rb2 37. g4 Rxa2 38. Ra5 h6 39. h4 a3 40.
Kf4 Ra1 41. Kg3 Kg7 42. Ra6 Ra2 43. Kh3 Ra1 44. Kg3 Kf8 45. Ra7 Ke8 46. Kg2 a2
47. Ra8+ Ke7 48. Ra7+ Kd6 49. Ra8 Ke5 50. Re8+ Kd6 51. Rd8+ Kc7 52. Ra8 Kb7 53.
Ra3 Kb6 54. Ra8 Kb5 55. Rb8+ Kc6 56. Ra8 Kd6 57. Rd8+ Ke7 58. Ra8 f6 59. Ra6 h5
60. gxh5 gxh5 61. Ra8 Ke6 62. Ra7 Ke5 63. Ra4 Kd5 64. Ra8 Kd4 65. Rd8+ Kc4 66.
Rc8+ Kd3 67. Rd8+ Ke3 68. Re8+ Kd4 69. Rd8+ Kc5 70. Rc8+ Kd6 71. Rd8+ Kc7 72.
Ra8 f5 73. Ra7+ Kd6 74. Ra6+ Kc5 75. Ra8 Kb4 76. Rb8+ Kc3 77. Rc8+ Kd3 78. Ra8
Kc4 79. Ra7 Kc3 80. Rc7+ Kd3 81. Ra7 Kd2 82. Ra8 Rd1 83. Rxa2+ Ke3 84. Ra5 Rd2+
85. Kg3 f4+ 86. Kh3 Kxf3 87. Rxh5 Kf2 88. Ra5 f3 89. Ra1 Rd8 90. Ra2+ Ke3 91.
Ra3+ Ke2 92. Ra2+ Rd2 93. Ra1 Rd8 94. Ra2+ Ke3 95. Ra3+ Rd3 96. Ra1 Rd7 97.
Ra3+ Ke2 98. Ra2+ Ke3 99. Ra3+ Ke2 100. Ra2+ Ke3 1/2-1/2

[Event "Barcelona Sants op 19th"]
[Site "Barcelona"]
[Date "2017.08.24"]
[Round "7"]
[White "Oparin, Grigoriy"]
[Black "Petrosyan, Tigran S"]
[Result "1/2-1/2"]
[WhiteElo "2609"]
[BlackElo "2430"]
[PlyCount "79"]
[EventDate "2017.08.18"]
[EventType "swiss"]
[EventRounds "10"]
[EventCountry "ESP"]
[SourceTitle "CBM 180 Extra"]
[Source "ChessBase"]
[SourceDate "2017.10.06"]
[SourceVersion "1"]
[SourceVersionDate "2017.10.06"]
[SourceQuality "1"]

1. e4 e5 2. Nf3 Nc6 3. Bb5 a6 4. Ba4 Nf6 5. O-O Be7 6. Bxc6 dxc6 7. d3 Nd7 8.
Nbd2 f6 9. c3 O-O 10. d4 c5 11. dxe5 Nxe5 12. Nxe5 fxe5 13. Qe2 Be6 14. Nc4 Bf6
15. Ne3 c6 16. b3 Qe7 17. Bb2 Rad8 18. c4 Rd7 19. Rad1 Rfd8 20. a4 b6 21. h3
Rxd1 22. Rxd1 Rxd1+ 23. Qxd1 Qd7 24. Qh5 Bf7 25. Qg4 Qxg4 26. Nxg4 Be6 27. Nxe5
Bxe5 28. Bxe5 b5 29. f4 g6 30. g4 bxa4 31. f5 Bf7 32. bxa4 h5 33. Kf2 hxg4 34.
hxg4 Bxc4 35. a5 Kf7 36. Bb2 Bb5 37. Ke3 c4 38. e5 c3 39. Bxc3 Bc4 40. Kd4
1/2-1/2

[Event "Barcelona Sants op 19th"]
[Site "Barcelona"]
[Date "2017.08.26"]
[Round "9"]
[White "Morales Rivera, John Alexander"]
[Black "Petrosyan, Tigran S"]
[Result "1-0"]
[WhiteElo "2343"]
[BlackElo "2430"]
[PlyCount "113"]
[EventDate "2017.08.18"]
[EventType "swiss"]
[EventRounds "10"]
[EventCountry "ESP"]
[SourceTitle "CBM 180 Extra"]
[Source "ChessBase"]
[SourceDate "2017.10.06"]
[SourceVersion "1"]
[SourceVersionDate "2017.10.06"]
[SourceQuality "1"]

1. e4 e5 2. Nf3 Nc6 3. Bb5 a6 4. Ba4 Nf6 5. d3 b5 6. Bb3 Be7 7. O-O d6 8. a4
Bd7 9. c3 O-O 10. Re1 Na5 11. Bc2 c5 12. d4 Qc7 13. d5 c4 14. Nbd2 Rfb8 15. Nf1
b4 16. Bd2 b3 17. Bb1 Nb7 18. Qe2 Rc8 19. Bc1 Rab8 20. N3d2 g6 21. Ne3 Na5 22.
g3 h5 23. Kg2 Ng4 24. Nd1 h4 25. Rf1 Kg7 26. h3 Nf6 27. g4 Rh8 28. f4 exf4 29.
Nf3 Rbe8 30. Bxf4 Bd8 31. Qf2 Bxg4 32. hxg4 Nxg4 33. Qd2 Nb7 34. Ne3 Nxe3+ 35.
Bxe3 Bf6 36. Bd4 Be5 37. Ng5 Nd8 38. Qf4 Qe7 39. Qg4 f6 40. Nf3 h3+ 41. Kh1 Nf7
42. Rg1 Ng5 43. Bxe5 dxe5 44. Nd2 h2 45. Rg3 Qc5 46. Bd3 cxd3 47. Rf1 Ref8 48.
Rxd3 Rf7 49. Rg3 Rh6 50. Nxb3 Qc4 51. Nd2 Qxa4 52. b3 Qa2 53. Nc4 Qxb3 54. Nd6
Rf8 55. Rgf3 Rh4 56. Qxh4 Nxf3 57. Qf2 1-0